kaigun strategy,tactics and technology in the imperial

Saved in:
Bibliographic Details
Format: Book
Tags: Add Tag
No Tags, Be the first to tag this record!
Call Number :

MARC

LEADER 00000pam a2200000 4500
001 20247
003 MY-KLNDU
005 20241218080352.0
020 0 0 |a 0870211927 
035 |a 0000032469 
039 9 |a 200911181126  |b VLOAD  |y 200910091658  |z VLOAD 
245 0 0 |a kaigun  |b strategy,tactics and technology in the imperial 
591 |a 0000003059  |b 09/09/08  |c 0193-07  |d 1  |e RM327.27  |f 1  |g 327.27  |h Pustaka Darul Warisan Sdn. Bhd. 
999 |a vtls000030202  |c 20247  |d 20247